| 000 | 00333nam a2200121Ia 4500 | ||
|---|---|---|---|
| 008 | 150201s2008 xx 000 0 und d | ||
| 082 |
_a621.3192 _bSUB |
||
| 100 | _aSubramanyam,B | ||
| 245 | _aElectric circuit analysis | ||
| 260 |
_bI.K. International Publishing House Pvt. Ltd. _aNew Delhi _c2008 |
||
| 300 | _a736p. | ||
| 942 |
_2ddc _cBK |
||
| 999 |
_c4950 _d4950 |
||